000
00325nam a22001457a 4500
003
SGT
020
_a
978-93-6053-353-3
082
_a
658.4032
_b
COM
100
_a
COMM, JEFFREY D.
245
_a
BUSINESS ANALYTICS
260
_a
INDIA
_b
CENGAGE PUB.
_c
2024
300
_a
850
650
_a
BUSINESS ANALYTICS
942
_2
ddc
_c
BK
999
_c
29458
_d
29458